00787nam a22002177a 450000500170000001000150001702000110003203500130004303700130005608200110006910000200008024500880010026000360018827000880022430000210031250000500033370000200038394200250040399900170042895201240044520160114123243.0 aENG-114421 c415.00 aEN-97953 bDBAD/PUB a519.72 aMukherjee, Arup aAdvanced linear programming & game theory /cby Arup Mukherjee [and] Naba Kumar Bej aKolkatabBooks And Alliedc2013 aNo. 1-E(1), 'Shubham Plaza' (1st Floor) 83/1, Beliaghata Main RoadbKolkatae700010 a677p.c24cm(pbk) aIncludes bibliographical references and index aBej, Naba Kumar 2ddccENmMUKh519.72 c97979d97979 001040718NFICaDBADbDBADd2015-10-28eDBAD/PUBg415.00l0o519.72 MUKpEN-97953r2015-10-28 00:00:00t1v415.00yEN